000 00418nam a22001457a 4500
082 _a358.295491
_bHIS
_cL-30, P-180
100 _aGovt of pakistan
_911105
245 _aHistory of MES of pakistan
260 _aRawalpindi
_bThe army press (Regd)
_c1991
300 _ax,252 p;
_bill
526 _a0
_b0
_c0
_d358_295491000000000_HIS
526 _a0
_b0
_c0
_d358_295491000000000_HIS
650 _aMCE
_9379
942 _2ddc
_cBK
999 _c551731
_d551731